| 000 | 06059nam a2200253 a 4500 | ||
|---|---|---|---|
| 999 |
_c10786 _d10786 |
||
| 001 | 10786 | ||
| 003 | BD-JhCC | ||
| 005 | 20211118134021.0 | ||
| 008 | 190402s2019 bg |||| |||| 000 0 ben d | ||
| 020 | _a9789849344988 | ||
| 035 | _a(BD-JhCC)10786 | ||
| 040 |
_aBD-JhCC _dBD-JhCC |
||
| 041 | _aeng | ||
| 082 |
_a891.4435 _bAHS 2019 |
||
| 100 | _aআহসান, শাব্বির | ||
| 245 |
_aভাইরে / আপুরে !!! : _bবই, লেখাপড়া, জীবন / _cশাব্বির আহসান |
||
| 260 |
_aঢাকা : _bশব্দশৈলী, _c২০১৯. |
||
| 300 |
_a১২৮ পৃ. : _c১৯ সেমি. |
||
| 505 | _a | ||
| 520 | _a‘ভাইরে আপুরে!!!’ বইয়ের ফ্ল্যাপের কথাঃ ভাইরে/আপুরে!!! বইটি আমার ফেসবুক টাইমলাইনের বিভিন্ন স্ট্যাটাস থেকে নিয়ে লেখা। স্কুল, কলেজ, ইউনিভার্সিটি পড়ুয়া বা সদ্য পাস করে যাওয়া তরুণতরুণীদের সাথে নিজের অভিজ্ঞতা, সাফল্য ও ব্যর্থতা শেয়ার করতে চেয়েই স্ট্যাটাসগুলোর সৃষ্টি। বাংলাদেশের ছেলে মেয়েরা অনেক বুদ্ধিমান। তাদের শুধু দরকার একটু গাইডলাইন, একটু Spark! সেগুলো দেবার জন্যই নিজের মতো করে চেষ্টা করেছি। আমি কোনো মোটিভেশনাল লেখক বা বক্তা নই। আমি মনে করি সবচেয়ে বড়ো মোটিভেশন আসে নিজের ভেতর থেকেই। বইটি লিখতে আমি যেভাবে কথা বলি সে ভাষাই ব্যবহার করেছি। এতে বাংলা, ইংরেজি, কথ্য, সাধু, চলিত মিশ্রণ আছে। পাঠক আমার এই ব্যত্যয় ক্ষমাসুন্দর দৃষ্টিতে দেখবেন আশা করবো। বইটি একবারে পড়ে শেষ না করবার অনুরোধ করছি। একেকটা চ্যাপ্টার পড়বেন আর একদিন বিরতি নেবেন। এতে করে বিভিন্ন আইডিয়া, পথনির্দেশ, অনুরোধ ইত্যাদি বুঝতে বা ফলো করতে সুবিধা হবে বলে মনে করি। তাছাড়া কিছু কিছু চ্যাপ্টারে কিছু কিছু বিষয়ের repetition আছে (যেমন Excel শেখা বা Vocabulary) যা প্রয়োজনের খাতিরেই করা হয়েছে । সূচিপত্রঃ * ভালো ছাত্র, জিনিয়াস ইত্যাদি Myth- ১১ * ইসস, যদি ২০ বছর হইতাম!- ১৪ * জীবন একটা ৪ x১০০ মিটার রিলে রেস- ১৬ * আবার যদি ১৮ হইতে পারতাম!- ১৮ * আমার ভবিষ্যতের CV- ২১ * নামকরা পাবলিকে চান্স পান নাই?- ২৪ * English Speaking-এর খুঁটিনাটি- ২৭ * Vocabulary, Vocabulary, Vocabulary!- ৩০ * মনে মনে অংক!- ৩৩ * Be Humble- ৩৬ * সমস্যা, সমস্যা, সমস্যা!- ৩৮ * ২৫-এর আগেই- ৪১ * নেটওয়ার্কিং -এর Practical Tips- ৪৩ * ইংলিশে লিখবেন কিভাবে?- ৪৬ * MS Excel কেন শিখবেন?- ৪৯ * আমার জীবনের বড় দুইটা আক্ষেপ- ৫১ * শব্দ নিয়া খেলা!- ৫৩ * Happy Traffic Jamming!!- ৫৫ * ভালো বাবা, মা- ৫৭ * ভর্তি হইবার খুঁটিনাটি- ৫৯ * ন্যাশনালে পড়েন?- ৬২ * ভোকেশনাল ট্রেনিং- ৬৫ * The Ultimate 100 Non-Fiction Book List- 4o * একটা মজার স্কুল- ৭২ * চলেন নতুন ভাষা শিখি- ৭৪ * English Writing–2- ৭৭ * Pomodoro Technique- ৮০ * Productive Facebooking - Facebook থিকা শিখা- ৮২ * হঠাৎ করেই যদি মারা যাই?- ৮৪ * Productive জীবন- ৮৬ * পরাজয়ে ডরে না বীর!- ৮৯ * ১০০ দিনের প্ল্যান- ৯১ * পড়াশুনা করবেন কিভাবে?- ৯৪ * পরীক্ষা দিবেন কিভাবে?- ৯৭ * ইউনিভার্সিটি লাইফে কি কি করবেন?- ১০০ * Network with Professors!- ১০৩ * পরীক্ষা সামনে? সময় নাই?- ১০৬ * A Certain Kind of Blasphemy!!- ১০৮ * Use Your Haters- ১১০ * আমার ৫টা দাঁতের মূল্য- ১১১ * কি কি শিখি নাই?- ১১২ * সব পরীক্ষার মূল রহস্য!- ১১৪ * ৩০ মিনিট ফর্মুলা- ১১৭ * Career E-Porfolio- ১১৯ * Think Like A CEO!- ১২১ * চার দোস্তের গ্যাং!- ১২৩ * নন ফিকশন ক্যামনে পড়বেন?- ১২৫ * Be Inhuman!- ১২৭ | ||
| 650 | _aBengali Short story | ||
| 942 |
_2ddc _cBK _01 |
||